Álgebras autoinyectivas y extensiones triviales de álgebras monomiales /
Guardado en:
| Otros Autores: | , , |
|---|---|
| Formato: | Manuscrito |
| Idioma: | Spanish |
| Publicado: |
2016.
|
| Materias: | |
| Acceso en línea: | Texto completo |
| Etiquetas: |
Agregar Etiqueta
Sin Etiquetas, Sea el primero en etiquetar este registro!
|
| LEADER | 01323ntm a22003135a 4500 | ||
|---|---|---|---|
| 001 | MAT.inmabb007066 | ||
| 008 | 170614s2016####ag#######bm###000#0#spa#d | ||
| 005 | 20180221104000.0 | ||
| 245 | 1 | 0 | |a Álgebras autoinyectivas y extensiones triviales de álgebras monomiales / |c María Valeria Hernández. |
| 260 | |c 2016. | ||
| 300 | |a ii, 94 p. ; |c 30 cm. | ||
| 500 | |a Directora de tesis: María Inés Platzeck; dirección adjunta: María Andrea Gatica. | ||
| 500 | |a "Tesis de Magíster en Matemática". | ||
| 502 | |a Tesis (magíster)--Universidad Nacional del Sur. Departamento de Matemática, 2017. | ||
| 530 | |a Disponible también en formato digital | ||
| 504 | |a Incluye referencias bibliográficas. | ||
| 100 | 1 | |a Hernández, María Valeria. |4 dis | |
| 700 | 1 | |a Platzeck, María Inés. |4 ths | |
| 700 | 1 | |a Gatica, María Andrea. |4 ths | |
| 710 | 2 | |a Universidad Nacional del Sur. |b Departamento de Matemática |4 dgg. | |
| 082 | 0 | 4 | |a 040 |2 15 |
| 082 | 0 | 4 | |a 512 |2 15 |
| 650 | 7 | |a Matemáticas. |2 unbist | |
| 650 | 7 | |a Álgebra. |2 unbist | |
| 653 | |a Representaciones | ||
| 653 | |a Extensión trivial | ||
| 856 | 4 | 1 | |3 Texto completo |u http://repositoriodigital.uns.edu.ar/handle/123456789/3519 |
| 859 | |a AR-BaUNS |b BIB. MATEMATICA |h 040 |i B148 2017-1516 |k R |p A-9137 | ||
| 859 | |a AR-BaUNS |b BIB. MATEMATICA |h 040 |i B148 2017-1516 |p 126150/017 | ||
